Симфония (Запис номер 299471)
[ съкратено ]
| 000 -Лидер | |
|---|---|
| Контролно поле с фиксирана дължина | 00904ncm a2200277 c 4500 |
| 003 - Код на организацията, давaща контролен номер | |
| Контролно поле | BLK |
| 005 - Дата и час на последна редакция | |
| Контролно поле | 20230801120854.0 |
| 008 - Елементи от данни с фиксирана дължина | |
| fixed length control field | 180414b bul |a|er|||| |0| c|bulo| |
| 010 ## - Наследен системен номер | |
| LC control number | NOT00001031000 |
| 040 ## - Източник на каталожния запис | |
| Идентификатор на билиотеката - собственик на записа | BLK |
| 041 ## - Код за език | |
| Код за езика на текст/звукозапис или на отделно заглавие | Български |
| Код за езика КДБФ | Български |
| 080 ## - УДК | |
| Текстов определител УДК | Симфонии. За симфоничен оркестър |
| УДК код - определител по УДК | 785.11.082.1 |
| УДК определител | |
| УДК - код + определител | 785.11.082.1 |
| 100 ## - Редна дума - Автор | |
| Автор | Николов, Лазар Костов |
| Дати, свързани с автора | 1922-2005 |
| R(LIN) | 388913 |
| 139 ## - Редно поле | |
| Редна дума | Николов, Лазар Костов |
| Авторски знак | Николо - Н 74 |
| 245 10 - Сведения за заглавието | |
| Заглавие | Симфония |
| Подзаглавни данни | № 1 |
| Редно поле (дума) | Лазар Костов Николов. |
| 254 ## - Сведения за формата на нотното издание | |
| Формат на описваните ноти | Партитура |
| 257 ## - Страна на издаване | |
| Страна на създаване/издаване | България |
| 260 ## - Област на издателските данни | |
| -- | София |
| Име на издателя, разпространителя и проч. | Наука и изкуство |
| Година на издаване | 1969 |
| 300 ## - Физическа характеристика | |
| Страници | 160 с. |
| Размери/Мащаб | 22 см |
| 380 ## - Жанр | |
| Жанр | Изкуство |
| 852 ## - Местоположение | |
| Форматна сигнатура | ЦБ М 975 |
| Част | 0 |
| 856 4# - Електронен адрес и достъп | |
| Електронен формат | pdf - файл |
| Път до файла /url/ | |
| 856 4# - Електронен адрес и достъп | |
| Електронен формат | pdf - файл |
| Път до файла /url/ | |
| 942 ## - АРТИКУЛИ | |
| Вид на библиотечния материал | Нотни издания |
| Скрит в OPAC | Не |
| 999 ## - СИСТЕМНИ КОНТРОЛНИ НОМЕРА | |
| Koha biblionumber | 299471 |
| Koha biblioitemnumber | 299471 |
| 944 ## - СЪЗДАВАНЕ И РЕДАКЦИЯ на ЗАПИСА | |
| Служител, извършил регистрацията/редакцията | 30556 |
| Статус, дата на статуса | Теодора Пейчева-Дянкова |
| Код за отписване | Код за изгубен артикул | Източник на класификационната схема | Код за повреда | Коз за рестрикции | Код за отдаване | Артикулен № | Име на библиотеката - собственик | Име на библиотеката, в която се намира в момента | Статус (Текущо местоположение) | Дата на вписване в системата | Местоположение - отдел | Цена в лева | Инвентарен номер | Систематично азбучна сигнатура | Баркод | Номер на екземпляра | Цена в евро | Служебна бележка | Служебен тип на артикула |
|---|---|---|---|---|---|---|---|---|---|---|---|---|---|---|---|---|---|---|---|
| Не е изгубен | Universal Decimal Classification | Не е повреден | само за читалня | ползва се в читалня | 650638 | Регионална библиотека "Любен Каравелов" Русе | Регионална библиотека "Любен Каравелов" Русе | Хранилище | 1969-01-01 | Хранилище | 3.00 | 50140 | ЦБ М 975 | 120000050140 | 1 | 1.53 | N: стар фонд Дата: 01.01.1969 | Нотни издания |